000 00677cam a22002533a 4500
001 24166
003 PGUSA
005 20140828083521.0
008 080104s2008||||xxu|||||s|||||000 1 eng d
040 _aPGUSA
_beng
042 _adc
050 4 _aPS
100 1 _aGarrett, Randall,
_d1927-1987
245 1 4 _aThe Destroyers
_h[electronic resource] /
_cRandall Garrett
260 _bProject Gutenberg,
_c2008
506 _aPublic domain in the USA.
516 _aElectronic text
653 _aShort stories
653 _aScience fiction
653 _aWar stories
830 0 _aProject Gutenberg
_v24166
856 4 0 _uhttp://www.gutenberg.org/ebooks/24166
942 _cEB
999 _c253421
_d253421